| 000 -LEADER |
| fixed length control field |
00679 a2200229 4500 |
| 003 - CONTROL NUMBER IDENTIFIER |
| control field |
OSt |
| 005 - DATE AND TIME OF LATEST TRANSACTION |
| control field |
20230703131823.0 |
| 008 - FIXED-LENGTH DATA ELEMENTS--GENERAL INFORMATION |
| fixed length control field |
230703b ||||| |||| 00| 0 eng d |
| 020 ## - INTERNATIONAL STANDARD BOOK NUMBER |
| International Standard Book Number |
9789389552454 |
| Terms of availability |
Rs750.00 |
| 040 ## - CATALOGING SOURCE |
| Transcribing agency |
imu-kc |
| 041 0# - LANGUAGE CODE |
| Language code of text/sound track or separate title |
eng |
| 082 00 - DEWEY DECIMAL CLASSIFICATION NUMBER |
| Classification number |
658.4092 |
| Item number |
Y949 |
| 100 ## - MAIN ENTRY--PERSONAL NAME |
| Personal name |
Yukl, Gary |
| 9 (RLIN) |
5590 |
| 245 ## - TITLE STATEMENT |
| Title |
Leadership in organizations / |
| Statement of responsibility, etc. |
Gary Yukl, William L. Gardner III, and Nishant Uppal |
| 250 ## - EDITION STATEMENT |
| Edition statement |
9th ed. |
| 260 ## - PUBLICATION, DISTRIBUTION, ETC. |
| Place of publication, distribution, etc. |
Noida : |
| Name of publisher, distributor, etc. |
Pearson india education services pvt. ltd., |
| Date of publication, distribution, etc. |
2022. |
| 300 ## - PHYSICAL DESCRIPTION |
| Extent |
xxii, 538 p. ; |
| Dimensions |
24 cm. |
| 650 #0 - SUBJECT ADDED ENTRY--TOPICAL TERM |
| Topical term or geographic name entry element |
Executive leadership |
| 700 ## - ADDED ENTRY--PERSONAL NAME |
| 9 (RLIN) |
5592 |
| Personal name |
Gardner, William L. |
|
| 9 (RLIN) |
5593 |
| Personal name |
Uppal, Nishant |
| 942 ## - ADDED ENTRY ELEMENTS (KOHA) |
| Source of classification or shelving scheme |
|
| Koha item type |
Books |